<?xml version="1.0" encoding="UTF-8"?>
<record
    xmlns:xsi="http://www.w3.org/2001/XMLSchema-instance"
    xsi:schemaLocation="http://www.loc.gov/MARC21/slim http://www.loc.gov/standards/marcxml/schema/MARC21slim.xsd"
    xmlns="http://www.loc.gov/MARC21/slim">

  <leader>00863nam a22001937a 4500</leader>
  <datafield tag="999" ind1=" " ind2=" ">
    <subfield code="c">147093</subfield>
    <subfield code="d">147093</subfield>
  </datafield>
  <controlfield tag="005">20230607165737.0</controlfield>
  <datafield tag="010" ind1=" " ind2=" ">
    <subfield code="a">UR-9875</subfield>
  </datafield>
  <datafield tag="020" ind1="6" ind2=" ">
    <subfield code="a">8180882780</subfield>
    <subfield code="c">120.00</subfield>
  </datafield>
  <datafield tag="035" ind1=" " ind2=" ">
    <subfield code="a">U-8430</subfield>
  </datafield>
  <datafield tag="037" ind1=" " ind2=" ">
    <subfield code="b">DBAD/PUB</subfield>
  </datafield>
  <datafield tag="082" ind1=" " ind2=" ">
    <subfield code="a">330</subfield>
  </datafield>
  <datafield tag="100" ind1=" " ind2=" ">
    <subfield code="a">&#x635;&#x62F;  &#x6CC;&#x642;&#x6CC; &#x645;&#x62D;&#x645;&#x62F; &#x646;&#x62C;&#x627; &#x62A; &#x627;&#x644;&#x644;&#x6C1; </subfield>
  </datafield>
  <datafield tag="245" ind1=" " ind2=" ">
    <subfield code="a">&#x63A;&#x6CC;&#x631; &#x633;&#x648; &#x62F; &#x6CC; &#x628;&#x6CC;&#x646;&#x6A9;  &#x6A9;&#x627; &#x631; &#x6CC; /     </subfield>
    <subfield code="c">&#x635;&#x62F; &#x6CC;&#x642;&#x6CC; &#x645;&#x62D;&#x645;&#x62F; &#x646;&#x62C;&#x627; &#x62A; &#x627;&#x644;&#x644;&#x6C1;   </subfield>
  </datafield>
  <datafield tag="246" ind1=" " ind2=" ">
    <subfield code="b">Ghair Soodi Bank Kari /                                                                                                                                  </subfield>
    <subfield code="a">by Mohd. Nijatullah Siddiqui</subfield>
  </datafield>
  <datafield tag="260" ind1=" " ind2=" ">
    <subfield code="a">New Delhi         </subfield>
    <subfield code="b">Merkazi  Maktaba Islami Publishers</subfield>
    <subfield code="c">2011</subfield>
  </datafield>
  <datafield tag="270" ind1=" " ind2=" ">
    <subfield code="a">D307,Dawat Nagar,Abul Fazal Enclave,Jamia Nagar ,</subfield>
    <subfield code="b">New Delhi </subfield>
    <subfield code="e">110025</subfield>
    <subfield code="k">01126971652</subfield>
    <subfield code="l">-</subfield>
  </datafield>
  <datafield tag="300" ind1=" " ind2=" ">
    <subfield code="a">250&#x635;</subfield>
    <subfield code="c">22cm(pbk)     </subfield>
  </datafield>
  <datafield tag="942" ind1=" " ind2=" ">
    <subfield code="2">ddc</subfield>
    <subfield code="c">UR</subfield>
    <subfield code="h">330</subfield>
    <subfield code="m">&#x635; &#x62F; &#x6CC;      </subfield>
    <subfield code="e"> </subfield>
  </datafield>
  <datafield tag="952" ind1=" " ind2=" ">
    <subfield code="0">0</subfield>
    <subfield code="1">0</subfield>
    <subfield code="4">0</subfield>
    <subfield code="7">0</subfield>
    <subfield code="8">NFIC</subfield>
    <subfield code="a">AV</subfield>
    <subfield code="b">AV</subfield>
    <subfield code="d">2017-11-02</subfield>
    <subfield code="e">DBAD/PUB.</subfield>
    <subfield code="g">120.00</subfield>
    <subfield code="l">0</subfield>
    <subfield code="o">330 &#x635; &#x62F; &#x6CC;</subfield>
    <subfield code="p">U-8430</subfield>
    <subfield code="r">2017-11-02 00:00:00</subfield>
    <subfield code="t">1</subfield>
    <subfield code="v">120.00</subfield>
    <subfield code="y">UR</subfield>
  </datafield>
</record>
